000 00568nam a2200217Ia 4500
005 20241216010214.0
008 180423s9999||||xx |||||||||||||| ||und||
082 _a869.5
_bM42
100 _aMENDOZA DE MALPARTIDA, ROSA
245 0 _aLITERATURA HUANUQUEÑA EN DEBATE: NUEVOS APORTES
250 _a0
260 _aPERU
_bINCDH.
_c1989
300 _a104 pag.
_c19 cm
341 _h0
490 _v0
_a0
505 _aTESTIMONIO-PERSONAS/LITERATURTA-SOCIEDAD
541 _aD
_bCONCYTEC
_d19-Dec-93
650 _aLITERATURA
856 _zHumanidades
942 _cLIBRO
999 _c8296
_d8296